<An> Issue of Age in the Labour Market in Slovakia
Rovnosť príležitostí na trhu práce, pokiaľ ide o vekové otázky, patrí v súčasnosti medzi dôležité výskumné témy v krajinách s rozvinutým hospodárstvom. V kontexte trvalo udržateľného hospodárskeho rozvoja, dynamiky hospodárskeho rastu a sociálnej súdržnosti je v popredí uplatňovanie demokratických z...
Saved in:
| Main Author: | |
|---|---|
| Other Authors: | |
| Format: | Book Chapter |
| Language: | English |
| Subjects: | |
| Tags: |
No Tags, Be the first to tag this record!
|
MARC
| LEADER | 00000naa a2200000 4500 | ||
|---|---|---|---|
| 001 | 0256991 | ||
| 005 | 20250731113957.5 | ||
| 041 | 0 | |a eng | |
| 044 | |a UA | ||
| 245 | 1 | 0 | |a <An> Issue of Age in the Labour Market in Slovakia |c René Pawera, Eva Jančíková |
| 520 | |a Rovnosť príležitostí na trhu práce, pokiaľ ide o vekové otázky, patrí v súčasnosti medzi dôležité výskumné témy v krajinách s rozvinutým hospodárstvom. V kontexte trvalo udržateľného hospodárskeho rozvoja, dynamiky hospodárskeho rastu a sociálnej súdržnosti je v popredí uplatňovanie demokratických zásad v hospodárstve. Trh práce je najviac ovplyvnený otázkou rovnakých príležitostí z hľadiska veku. | ||
| 610 | 2 | 0 | |a trh práce |
| 610 | 2 | 0 | |a diskriminácia |
| 610 | 2 | 0 | |a zamestnanci |
| 610 | 2 | 0 | |a Slovensko |
| 100 | 1 | |a Pawera, René | |
| 700 | 1 | |a Jančíková, Eva, 1960- | |